Best Living Male Actors - Statistics

General Stats
  • This quiz has been taken 153 times
    147 since last reset
  • The average score is 37 of 101
Answer Stats
Hint Answer % Correct
11. Leonardo Dicaprio
92%
13. Brad Pitt
84%
14. Tom Cruise
81%
3. Al Pacino
80%
76. Denzel Washington
79%
4. Jack Nicholson
78%
24. Matt Damon
77%
7. Tom Hanks
77%
2. Robert De Niro
76%
95. Samuel L. Jackson
76%
60. Morgan Freeman
72%
22. Robert Downey, Jr.
68%
8. Daniel Day-Lewis
66%
12. Johnny Depp
65%
67. Will Smith
65%
58. Christian Bale
64%
51. Cillian Murphy
64%
9. Anthony Hopkins
61%
6. Clint Eastwood
60%
10. Dustin Hoffman
58%
49. Joaquin Phoenix
58%
33. Jamie Foxx
57%
50. Russell Crowe
57%
34. Liam Neeson
56%
59. Michael Caine
56%
18. Tom Hardy
56%
44. Edward Norton
54%
56. MIchael Douglas
54%
55. Nicolas Cage
54%
54. Ryan Gosling
54%
78. Hugh Jackman
53%
57. Kevin Spacey
53%
74. Tommy Lee Jones
53%
20. Colin Farrell
51%
23. Gary Oldman
51%
65. Matthew McConaughey
51%
53. Armin Mueller-Stahl
47%
41. Ed Harris
47%
43. Jeff Bridges
47%
86. Javier Bardem
46%
80. Kevin Costner
46%
38. Robert Redford
46%
73. Sean Penn
45%
1. Martin Sheen
44%
15. Jake Gyllenhaal
43%
42. Ralph Fiennes
43%
35. Jim Carrey
42%
32. VIggo Mortensen
41%
62. Aaron Taylor-Johnson
40%
17. Adrien Brody
40%
19. Geoffrey Rush
39%
79. Mel Gibson
39%
5. Robert Duvall
39%
30. Woody Harrelson
39%
26. Christoph Waltz
37%
40. Jude Law
37%
75. Adam Sandler
36%
97. Jon Voight
35%
31. Willem Dafoe
35%
36. Ben Kingsley
34%
61. Byung-hun Lee
34%
87. Antonio Banderas
29%
100. Kevin Bacon
25%
63. James Woods
24%
48. Harvey Keitel
23%
81. Mads Mikkelsen
23%
52. Nick Nolte
19%
77. Ethan Hawke
18%
25. J. K. Simmons
17%
68. Gerard Depardieu
16%
37. Jeremy Renner
16%
85. Stellan Skarsgård
16%
28. Sterling K. Brown
16%
39. Clive Owen
15%
96 Stanley Tucci
14%
21. Brendan Gleeson
13%
64. Guy Pearce
13%
92. James McAvoy
12%
47. Simon Pegg
12%
101. Paul Dano
9%
93. Vincent Cassel
9%
71. Ken Watanabe
7%
29. Jeffrey Wright
6%
72. Jon Bernthal
5%
16 Michael Shannon
5%
27. Timothy Olyphant
5%
94. Walton Goggins
4%
45. Djimon Hounsou
3%
84. Nikolaj Coster-Waldau
3%
99. Robert Carlyle
3%
98. Charlie Hunnam
2%
69. Daniel Auteuil
2%
89. Eduardo Noriega
2%
88. Fele Martínez
2%
66. Hiroyuki Sanada
2%
46. Ian McShane
2%
91. José Coronado
2%
90. Mario Casas
2%
83. Nikolaj Lie Kaas
2%
82. Ulrich Thomsen
2%
70. Daniel Brühl
1%
No matching quizzes found
Score Distribution
Percent of People with Each Score
Percentile by Number Answered
Your Score History
You have not taken this quiz since the last reset